Життя хлопця (Запис № 579569)

МАРК-запис
000 -Лідер
fixed length control field 02742 a2200241 4500
003 - Ідентифікатор контрольного номера
control field UA-OsUOA
005 - Дата та час останнього входження (трансакції)
control field 20251205151542.0
008 - Елементи даних фіксованої довжини – загальна інформація
fixed length control field 251205b un ||||| |||| 00| 0 ukr d
020 ## - Міжнародний стандартний книжковий номер (ISBN)
Міжнародний стандартний книжковий номер (ISBN) (НП) 9786178287429
040 ## - Джерело каталогізації
Мова каталогізації ukr
Агенція, яка здійснювала перезапис UA-OsUOA
080 ## - Індекс Універсальної десяткової класифікації
Індекс Універсальної десяткової класифікації (УДК) (НП) 821.161.2(73)
090 ## - Локальний шифр розміщення
Класифікаційний індекс УДК 821.161.2(73)
Авторський знак (НП) М15
100 ## - Основне введення – ім’я особи
Ім’я особи (НП) Маккеммон Р.
9 (RLIN) 22949
245 ## - Відомості про назву
Назва (НП) Життя хлопця
Дані про відповідальність (НП) Роберт Маккеммон ; пер. з англ. Ганни Яновської
246 ## - Інша форма назви
Решта назви Вoy's life
260 ## - Публікація, розповсюдження і т.п. (Вихідні дані)
Місце публікації, розповсюдження і т.п. (П) Харків
Ім’я/ наймення видавництва, розповсюджувача і т.п. (П) Жорж
Дата публікації, розповсюдження і т.п. (П) 2025
300 ## - Фізичний опис
Обсяг 480 с.
520 ## - Резюме і т.п.
Резюме, реферат, анотація, тощо (НП) 1964 рік. Ідилічне містечко Зефір у штаті Алабама. Люди працюють на папірні та молочарні, священники виголошують палкі проповіді, десь у космосі летять перші супутники та кораблі, стосунки чорних і білих ще неоднозначні. І є в житті речі, що вражають уяву дванадцятирічного Корі Макенсона, який мріє стати письменником. Як і кожен хлопчина, він проживає шкільні клопоти, радість канікул та пригоди в гурті друзів. І не має сумніву, що духи можуть навідуватися до живих, що в лісі за містом переховуються небезпечні злочинці, а в річці живе прадавня гігантська істота. Корі спостерігає за цими явищами з таким захватом, на який ми здатні лише в дитинстві. А випадково побачені злочини та невипадкові пошуки правди ведуть героїв світом, де стикаються щира наївність і справжнє зло. Поміж ними — речі моторошні і прекрасні, чарівні і шалені, фантастичні й реальні. Корі занурюється у глибини загадок Зефіра і згодом виявляє: хоча дитячі радощі розвіюються і лишаються позаду, але й дорослішання — це теж химерно-прекрасна подорож.
650 ## - Додаткове предметне введення – тематичний термін
Тематичний термін чи географічна назва, як елемент введення (НП) 821 Художня література окремими мовами і мовними сім'ями
9 (RLIN) 17
942 ## - Додаткові елементи входу (Коха)
Тип елемента Koha Книги
Source of classification or shelving scheme Universal Decimal Classification
955 ## - Код типу видання за змістом
Код типу видання за змістом (НП) Літературно-художні видання
Фонди
Стан вилучень Стан втрат Джерело класифікації або схеми стелажів Стан уражень Не для кредиту Постійне місце розташування Поточне розміщення Дата придбання Джерело придбання Вартість, звичайна ціна покупки Усього замовленно Повний номер виклику Штрих-код Дата останнього перегляду Вартість, ціна заміни Ціна ефективна від Тип елемента Koha
    Universal Decimal Classification     АБ - Абонемент НБ АБ - Абонемент НБ 05/12/2025 №65/05.12.2025 350.00   821.161.2(73) М15 169181 05/12/2025 350.00 05/12/2025 Книги